Reorienting educational efforts for sustainable development : (Record no. 27443)
[ view plain ]
| 000 -LEADER | |
|---|---|
| fixed length control field | 01439nam a22001697a 4500 |
| 020 ## - INTERNATIONAL STANDARD BOOK NUMBER | |
| ISBN | 9789401776202 |
| 082 ## - DEWEY DECIMAL CLASSIFICATION NUMBER | |
| Item number | REO- |
| Classification number | 304.2 |
| 245 ## - TITLE STATEMENT | |
| Title | Reorienting educational efforts for sustainable development : |
| Sub Title | experiences from South Asia / |
| Statement of responsibility, etc | Edited by Rajeswari Namagiri Gorana, Preeti Rawat Kanaujia |
| 260 ## - PUBLICATION, DISTRIBUTION, ETC. (IMPRINT) | |
| Place of publication | Netherlands: |
| Name of publisher | Springer, |
| Year of publication | 2016 |
| 300 ## - PHYSICAL DESCRIPTION | |
| Number of Pages | xxxii, 205p. |
| 520 ## - SUMMARY, ETC. | |
| Summary, etc | This book on South Asia will focus on initiatives under the Education for Sustainable Development (ESD) umbrella and discuss the challenges, opportunities, issues and strategies in the countries of the region. It presents these initiatives of Environmental Education/ESD vis-à-vis the administrative, economic, social, cultural and ecological realities of each country at various levels of policy, planning, implementation and evaluation. The discussions in this book extend beyond formal education systems like schools, higher education, pre-service and in-service teacher preparation to community education and education initiatives conceptualized with the goal of sustainability. All initiatives will demonstrate how each country in its own pace contributing to move ESD from the periphery to the core of education initiatives. |
| 650 ## - SUBJECT ADDED ENTRY--TOPICAL TERM | |
| Topical Term | Sustainable development |
| Geographic subdivision | South Asia. |
| General subdivision | Education |
| 650 ## - SUBJECT ADDED ENTRY--TOPICAL TERM | |
| Topical Term | Science |
| General subdivision | Study and teaching |
| 700 ## - ADDED ENTRY--PERSONAL NAME | |
| Personal name | Gorana, Rajeswari Namagiri. |
| Relator term | Editor |
| 700 ## - ADDED ENTRY--PERSONAL NAME | |
| Personal name | Kanaujia, Preeti Rawat. |
| Relator term | Editor |
| 942 ## - ADDED ENTRY ELEMENTS (KOHA) | |
| Koha item type | Books |
| Source of classification or shelving scheme | Dewey Decimal Classification |
| Withdrawn status | Lost status | Damaged status | Not for loan | Home library | Current library | Date acquired | Source of acquisition | Cost, normal purchase price | Full call number | Accession Number | Cost, replacement price | Price effective from | Koha item type |
|---|---|---|---|---|---|---|---|---|---|---|---|---|---|
| NASSDOC Library | NASSDOC Library | 09/03/2022 | 7 | 6797.57 | 304.2 REO- | 52082 | 9311.75 | 10/03/2022 | Books |
